|
|
|
|
| LEADER |
00000cas a2200000 a 4500 |
| 001 |
vtls001377206 |
| 003 |
SK-MaSNL |
| 005 |
20260228155806.0 |
| 008 |
991117d19691969xo au 0 0 0slo |
| 035 |
|
|
|a SNK000331149
|
| 040 |
|
|
|a SNK
|b slo
|c SNK
|e AACR2
|
| 041 |
0 |
|
|a slo
|
| 044 |
|
|
|a xo
|c SK
|
| 072 |
|
7 |
|a 070
|x Noviny. Tlač. Žurnalistika
|2 konspekt
|
| 080 |
|
|
|a 070
|2 2011
|
| 245 |
0 |
0 |
|a Magazín Orion
|
| 260 |
|
|
|a Bratislava
|b Zväz slovenských novinárov
|c 1969
|
| 300 |
|
|
|a 1 zv.
|c cm
|
| 310 |
|
|
|a 1x ročne
|
| 362 |
0 |
|
|a 1969-1969
|
| 650 |
0 |
7 |
|a žurnalistika
|2 SNKPH
|9 951
|
| 710 |
2 |
|
|a Zväz slovenských novinárov
|4 pbl
|9 265333
|
| 910 |
|
|
|a snk
|
| 999 |
|
|
|c 592
|d 592
|
| 952 |
|
|
|0 0
|1 0
|4 0
|7 0
|a SNK
|b SNK
|d 1999-11-17
|l 0
|o snkČSB 4246/1969
|p 17A0218178
|r 2005-01-02 00:00:00
|w 2026-02-21
|y PREZ
|